| 000 -LEADER |
| fixed length control field |
00825nam a2200217Ia 4500 |
| 020 ## - INTERNATIONAL STANDARD BOOK NUMBER |
| ISBN |
0521774950 (student's book) |
| 020 ## - INTERNATIONAL STANDARD BOOK NUMBER |
| ISBN |
0521774942 (teacher's edition) |
| 020 ## - INTERNATIONAL STANDARD BOOK NUMBER |
| ISBN |
0521774934 (audio cassettes) |
| 020 ## - INTERNATIONAL STANDARD BOOK NUMBER |
| ISBN |
0521774926 (audio CD) |
| 040 ## - CATALOGING SOURCE |
| Transcribing agency |
CVU |
| 082 ## - DEWEY DECIMAL CLASSIFICATION NUMBER |
| Classification number |
428 CAM 2000 A024 Or. |
| 100 1# - MAIN ENTRY--AUTHOR NAME |
| Personal name |
Sweeney, Simon |
| 245 10 - TITLE STATEMENT |
| Title |
Communicating in business : |
| Remainder of title |
a short course for business English students : cultural diversity and socializing, using the telephone, presentations, meetings and negotiations / |
| 260 ## - PUBLICATION, DISTRIBUTION, ETC. (IMPRINT) |
| Place of publication |
Cambridge : |
| Name of publisher |
Cambridge University Press, |
| Year of publication |
2000 |
| 300 ## - PHYSICAL DESCRIPTION |
| Number of Pages |
2 v. : |
| Other physical details |
ill. (some col.) ; |
| Dimensions |
28 cm. + |
| Accompanying material |
2 sound cassettes + 1 sound disc |
| 500 ## - GENERAL NOTE |
| General note |
Accompanying disc in CD format |
| 650 #0 - SUBJECT ADDED ENTRY--TOPICAL TERM |
| Topical Term |
English language |
| 650 #0 - SUBJECT ADDED ENTRY--TOPICAL TERM |
| Topical Term |
English language |
| 650 #0 - SUBJECT ADDED ENTRY--TOPICAL TERM |
| Topical Term |
English language |
| 942 ## - ADDED ENTRY ELEMENTS (KOHA) |
| Koha item type |
សៀវភៅភាសាអង់គ្លេស |
| 952 ## - LOCATION AND ITEM INFORMATION (KOHA) |
| Withdrawn status [LOCAL, KOHA] |
0 |